Statistics for Famous Second Places

Click here to take the quiz!

General Stats

  • This quiz has been taken 117 times
  • The average score is 6 of 15

Answer Stats

HintAnswer% Correct
January...February
89%
Comes after Alpha in Greek alphabetBeta
74%
2016 Democratic candidate who lost out to Donald TrumpHillary Clinton
74%
Lost out to the tortoiseHare
68%
Second in line to the UK thronePrince William
56%
Followed Neil Armstrong as second man on the moonBuzz Aldrin
53%
Element with atomic number 2Helium
46%
Below Avatar only in movie box-office revenueTitanic
44%
Second European to discover AmericaChristopher Columbus
42%
The second story of the BibleExodus
37%
X-Factor runner up in 2009Olly Murs
15%
100m silver medallist at 2016 Rio Olympics (male)Justin Gatlin
10%
2nd tallest building in the worldShanghai Tower
3%
Came second in the 2013 UK ApprenticeLuisa Zissman
0%
Second place in Formula 1 World Championships in four consecutive yearsStirling Moss
0%

Score Distribution

Percentile by Number Answered

Percent of People with Each Score

Your Score History

You have not taken this quiz